01237naa#a2200229#i#4500001001600000005001700016011001400033100004100047102000700088200030700095210011800402215001100520608004500531675007400576686006400650700004800714700006200762700005400824700005600878700005200934856002100986RU\\bibl\12047120260501160706.5##a2782-5957##a20260430b2026####ek#y0rusy0150####ca##aRU1#aТЕХНИКО-ЭКОНОМИЧЕСКИЙ АНАЛИЗ ЭФФЕКТИВНОСТИ МЕРОПРИЯТИЙ ПО ПРЕДУПРЕЖДЕНИЮ РАЗЛИВОВ НЕФТЕПРОДУКТОВ ПРИ ИХ ВЫГРУЗКЕ ИЗ ЖЕЛЕЗНОДОРОЖНЫХ ЦИСТЕРНeЖурнальная статья1#aБрянскcБрянский государственный технический университетd2026##a10 с.##aЖурнальная статья2local##a(Автомобили. Автомобилестроение). 629.113##aЖелезнодорожный транспорт. 3922bbk#1aКузьминgОлег Сергеевич#1aПиотровичgАлексей Анатольевич#1aЛуценкоgАндрей Николаевич#1aРапопортgИнна Владимировна#1aКуликоваgЕлена Сергеевна4#abstu.editorum.ru